| 000 | 01060cam a22003131 4500 | ||
|---|---|---|---|
| 001 | s 49000004 | ||
| 003 | DLC | ||
| 005 | 20260227111912.0 | ||
| 008 | 760309s1948 onca b f000 0 eng c | ||
| 010 | _as 49000004 | ||
| 035 | _a(OCoLC)2040376 | ||
| 040 |
_aSmithsonian Institution Library. _cTxDaM _dDLC |
||
| 042 | _apremarc | ||
| 050 | 0 | 0 |
_aQH1 _b.C13 no. 109 |
| 051 |
_aE78.O5 _bW54 |
||
| 051 | _c2nd set. | ||
| 051 | _c3rd set | ||
| 082 | _a913.347 | ||
| 100 | 1 |
_aWintemberg, W. J., _q(William John), _d1876- |
|
| 245 | 1 | 4 | _aThe Middleport prehistoric village site. |
| 260 |
_aOttawa, _bE. Cloutier, King's Printer, _c1948. |
||
| 300 |
_av, 79 p. _billus. _c25 cm. |
||
| 490 | 1 |
_aCanada. National Museum, Ottawa. Bulletin _vno. 109. Anthropological series, no. 27 |
|
| 504 | _aBibliography: p. 42. | ||
| 651 | 0 |
_aOntario _xAntiquities. |
|
| 650 | 0 |
_aIndians of North America _zOntario _xAntiquities. |
|
| 810 | 2 |
_aNational Museum of Canada. _tBulletin ; _vno. 109. |
|
| 810 | 2 |
_aNational Museum of Canada. _tAnthropological series ; _vno. 27. |
|
| 999 |
_c52790 _d52790 |
||